Mechanics of materials (Record no. 6912)

000 -LEADER
fixed length control field 00506nam a2200205 a 4500
001 - CONTROL NUMBER
control field 6912
003 - CONTROL NUMBER IDENTIFIER
control field BD-DhUET
008 - FIXED-LENGTH DATA ELEMENTS--GENERAL INFORMATION
fixed length control field 750825s1976 nyua bi 001 0 eng
040 ## - CATALOGING SOURCE
Original cataloging agency DLC
Transcribing agency DLC
Modifying agency BD-DhUET
082 00 - DEWEY DECIMAL CLASSIFICATION NUMBER
Classification number 620.11
Item number POP/1976
100 ## - MAIN ENTRY--PERSONAL NAME
Personal name Popov, E. P.
245 00 - TITLE STATEMENT
Title Mechanics of materials
250 ## - EDITION STATEMENT
Edition statement 2nd ed.
260 ## - PUBLICATION, DISTRIBUTION, ETC. (IMPRINT)
Place of publication, distribution, etc. New Jersey
Name of publisher, distributor, etc. Prentice-Hall
Date of publication, distribution, etc. 1976
300 ## - PHYSICAL DESCRIPTION
Extent ix,589p.
Other physical details ill.
Dimensions 24 cm.
650 #0 - SUBJECT ADDED ENTRY--TOPICAL TERM
Topical term or geographic name as entry element Strength of materials
700 ## - ADDED ENTRY--PERSONAL NAME
Personal name Nagarajan, S.
700 ## - ADDED ENTRY--PERSONAL NAME
Personal name Lu, Z. A.
942 ## - ADDED ENTRY ELEMENTS (KOHA)
Koha item type General Book
Holdings
Copy number Withdrawn status Date acquired Not for loan Koha date last seen Lost status Shelving location Piece designation (barcode) Koha issues (times borrowed) Price effective from Koha normalized classification for sorting Koha full call number Koha date last borrowed Koha item type Sublocation or collection (holding branch) Source of classification or shelving scheme Damaged status Location (home branch)
1 2014-12-06 2023-12-17 Circulation section6617522014-12-06620_110000000000000_POP_1976620.11/POP/19762023-12-02General BookCentral Library, BUET  Central Library, BUET
2 2014-12-07 2014-12-07 Circulation section21010 2014-12-07620_110000000000000_POP_1976620.11/ POP/1976 General BookCentral Library, BUET  Central Library, BUET
3 2014-12-07 2024-01-16 Circulation section788512014-12-07620_110000000000000_POP_1976620.11/POP/19762023-12-11General BookCentral Library, BUET  Central Library, BUET
4 2015-06-30 2015-06-30 Reading section45480 2015-06-30620_110000000000000_POP_1976620.11/POP/1976 Reading ItemCentral Library, BUET  Central Library, BUET